000 00450nam a22001817a 4500
003 MPLRDC
005 20220104203656.0
008 210129b ||||| |||| 00| 0 eng d
020 _a978-981-229-509-5
082 _a494 HRS
100 _a黄若瑟
245 _a易本万利
_c黄书庆 绘
250 _a初版一刷
260 _a新加坡
_b亚太图书有限公司
_c2009
300 _b
650 _a企业管理
942 _cBK
_o494 HRS
999 _c68236
_d68226